Rappeur en B/C - Statistiques

Statistiques générales
  • Ce quiz a été pris 72 fois
  • Le résultat moyen est 7 sur 12
Statistiques - réponses
Par images Réponse % Correct
Booba
100%
Bigflo
96%
Black M
89%
Central Cee
82%
Bosh
81%
Cardi B
75%
Caballero
60%
Beendo Z
40%
Big L
19%
Busta Rhymes
18%
Biggie Smalls
16%
Coolio
12%
Aucun quiz correspondant
Distribution des résultats
% des personnes avec chaque résultat
Percentile par nombre de réponses
Votre historique - résultats
Vous n’avez pas pris ce quiz